000 00536nam a2200205 a 4500
001 BRCA_7462
005 20190320205839.0
008 120413s1895----gw-a######---#000-0#ger-#
041 _ager
044 _agw
050 4 _aNK4706
_b.Z87 1895
245 1 0 _aZur geschichte der kostume
_cLouis Braun ... [et al.]
260 _aMunich
_bBraun & Schneider
_c1895
300 _a2 v.
_bil. a color, láminas
500 _aQ219
650 1 4 _aIndumentaria
_xHistoria
_91981
700 1 _aBraun, Louis
_918373
902 _aGFM
942 _2lcc
_cB
999 _c7138
_d7138